[Event "World op 31st"]
[Site "Philadelphia"]
[Date "2003.07.06"]
[Round "9"]
[White "Sinn, M Robert"]
[Black "Hoekstra, Matthew"]
[Result "0-1"]
[WhiteElo "2162"]
[BlackElo "2302"]
[PlyCount "84"]
[EventDate "2003.06.30"]
[EventType "swiss"]
[EventRounds "9"]
[EventCountry "USA"]
[SourceTitle "EXT 2004"]
[Source "ChessBase"]
[SourceDate "2003.11.25"]
[SourceVersion "1"]
[SourceVersionDate "2003.11.25"]
[SourceQuality "1"]

1. e4 c5 2. Nf3 Nc6 3. Bb5 g6 4. 0-0 Bg7 5. Re1 Nf6 6. e5 Nd5 7. Nc3 Nc7 8. Bxc6 dxc6 9. Ne4 b6 10. d3 Bg4 11. Nf6+ Bxf6 12. exf6 e6 13. h3 Bxf3 14. Qxf3 Qd5 15. Qg3 0-0-0 16. Bf4 Qd7 17. a3 Nb5 18. b4 Nd4 19. Rac1 cxb4 20. axb4 Kb7 21. Qe3 h6 22. c3 Nf5 23. Qe5 g5 24. Bh2 Nh4 25. Ra1 Ng6 26. Qe4 Qd5 27. d4 Qxe4 28. Rxe4 Rd5 29. f4 b5 30. fxg5 hxg5 31. Be5 Nxe5 32. Rxe5 Rxe5 33. dxe5 Rh4 34. Rd1 Kc7 35. Kf2 c5 36. bxc5 Rc4 37. Rd4 Rxc5 38. Re4 a5 39. g3 a4 40. h4 gxh4 41. gxh4 Rxc3 42. Kg2 a3 0-1

[Event "World op 31st"]
[Site "Philadelphia"]
[Date "2003.07.01"]
[Round "2"]
[White "Lapshun, Yury"]
[Black "Sinn, M Robert"]
[Result "1-0"]
[WhiteElo "2432"]
[BlackElo "2162"]
[PlyCount "35"]
[EventDate "2003.06.30"]
[EventType "swiss"]
[EventRounds "9"]
[EventCountry "USA"]
[SourceTitle "EXT 2004"]
[Source "ChessBase"]
[SourceDate "2003.11.25"]
[SourceVersion "1"]
[SourceVersionDate "2003.11.25"]
[SourceQuality "1"]

1. b4 e5 2. Bb2 Bxb4 3. Bxe5 Nf6 4. c4 0-0 5. Nf3 Nc6 6. Bb2 Re8 7. e3 d5 8. cxd5 Nxd5 9. Be2 Rxe3 10. fxe3 Nxe3 11. Qb3 Nxg2+ 12. Kd1 Be6 13. Qd3 Qe7 14. Nd4 Nf4 15. Nxc6 bxc6 16. Qd4 Bb3+ 17. axb3 Qxe2+ 18. Kc2 1-0

[Event "North American op"]
[Site "Las Vegas"]
[Date "2002.12.27"]
[Round "3"]
[White "Barcenilla, Rogelio"]
[Black "Sinn, M Robert"]
[Result "1-0"]
[WhiteElo "2486"]
[BlackElo "2162"]
[PlyCount "77"]
[EventDate "2002.12.26"]
[EventType "swiss"]
[EventRounds "6"]
[EventCountry "USA"]
[SourceTitle "CBM 092 Extra"]
[Source "ChessBase"]
[SourceDate "2003.03.07"]
[SourceVersion "1"]
[SourceVersionDate "2003.03.07"]
[SourceQuality "1"]

1. c4 c6 2. Nf3 d5 3. b3 Nf6 4. Bb2 Bf5 5. g3 e6 6. Bg2 Be7 7. 0-0 0-0 8. d3 a5 9. Nbd2 Nbd7 10. Qc2 Re8 11. a3 Bf8 12. Bc3 e5 13. e4 Bg6 14. h3 h6 15. Rfe1 d4 16. Bb2 c5 17. a4 Nb8 18. Nf1 Nc6 19. N3h2 Bd6 20. Bc1 Qc7 21. Qd2 Nb4 22. Nf3 Nd7 23. Nh4 Nf8 24. Nf5 Ne6 25. h4 f6 26. Qe2 h5 27. Bf3 Bf7 28. Bxh5 Bxh5 29. Qxh5 Nxd3 30. Rd1 Nxc1 31. Raxc1 Nf8 32. Qg4 g6 33. h5 Kf7 34. Nh4 gxh5 35. Qxh5+ Ke7 36. Nh2 Kd7 37. Ng4 Qd8 38. Qf7+ Be7 39. Nxf6+ 1-0

[Event "North American op"]
[Site "Las Vegas"]
[Date "2002.12.27"]
[Round "2"]
[White "Sinn, M Robert"]
[Black "De Guzman, Ricardo"]
[Result "1/2-1/2"]
[WhiteElo "2162"]
[BlackElo "2389"]
[PlyCount "37"]
[EventDate "2002.12.26"]
[EventType "swiss"]
[EventRounds "6"]
[EventCountry "USA"]
[SourceTitle "CBM 092 Extra"]
[Source "ChessBase"]
[SourceDate "2003.03.07"]
[SourceVersion "1"]
[SourceVersionDate "2003.03.07"]
[SourceQuality "1"]

1. e4 e5 2. Nf3 Nc6 3. Bb5 a6 4. Bxc6 dxc6 5. 0-0 f6 6. d4 exd4 7. Nxd4 c5 8. Ne2 Qxd1 9. Rxd1 Bg4 10. Nbc3 Bd6 11. f3 Bd7 12. Bf4 Bxf4 13. Nxf4 0-0-0 14. Rd2 Ne7 15. Rad1 Nc6 16. Ncd5 Rhf8 17. Kf2 Rf7 18. g4 Re8 19. Kg3 1/2-1/2

[Event "North American op"]
[Site "Las Vegas"]
[Date "2002.12.26"]
[Round "1"]
[White "Mikhalevski, Victor"]
[Black "Sinn, M Robert"]
[Result "0-1"]
[WhiteElo "2524"]
[BlackElo "2162"]
[PlyCount "78"]
[EventDate "2002.12.26"]
[EventType "swiss"]
[EventRounds "6"]
[EventCountry "USA"]
[SourceTitle "CBM 092 Extra"]
[Source "ChessBase"]
[SourceDate "2003.03.07"]
[SourceVersion "1"]
[SourceVersionDate "2003.03.07"]
[SourceQuality "1"]

1. d4 d5 2. c4 dxc4 3. Nf3 Nf6 4. e3 Bg4 5. Bxc4 e6 6. Nc3 Be7 7. h3 Bh5 8. g4 Bg6 9. Ne5 Nbd7 10. Nxg6 hxg6 11. g5 Nd5 12. Nxd5 exd5 13. Bxd5 c6 14. Bg2 Bb4+ 15. Kf1 Qxg5 16. e4 Qe7 17. h4 0-0-0 18. Bg5 f6 19. Be3 Ba5 20. h5 g5 21. Qb3 Qe8 22. d5 Bb6 23. dxc6 bxc6 24. Rc1 Kc7 25. Rxc6+ Kxc6 26. e5+ Kc7 27. Qc4+ Kb8 28. Qa6 Nc5 29. Bxc5 Rd1+ 30. Ke2 Qxe5+ 31. Kxd1 Rd8+ 32. Kc1 Qxc5+ 33. Kb1 Qf5+ 34. Ka1 Rd7 35. Re1 Qe5 36. Rc1 Qc5 37. Qf1 Qe5 38. Re1 Qd4 39. Qe2 Qd2 0-1

[Event "Budapest FS07 IM-A"]
[Site "Budapest"]
[Date "2001.07.07"]
[Round "6"]
[White "Seres, Lajos"]
[Black "Sinn, M Robert"]
[Result "1/2-1/2"]
[WhiteElo "2427"]
[BlackElo "2140"]
[PlyCount "46"]
[EventDate "2001.07.02"]
[EventType "tourn"]
[EventRounds "12"]
[EventCountry "HUN"]
[EventCategory "2"]
[SourceTitle "CBM 083 Extra"]
[Source "ChessBase"]
[SourceDate "2001.09.11"]
[SourceVersion "1"]
[SourceVersionDate "2001.09.11"]
[SourceQuality "1"]

1. d4 d5 2. c4 c6 3. Nc3 Nf6 4. e3 e6 5. Nf3 Nbd7 6. Bd3 dxc4 7. Bxc4 b5 8. Bd3 a6 9. e4 c5 10. d5 c4 11. Bc2 Qc7 12. dxe6 fxe6 13. 0-0 Bc5 14. Bg5 0-0 15. Bh4 Bb7 16. Bg3 Qb6 17. e5 Nh5 18. Ne4 Nxg3 19. hxg3 Rad8 20. Qe2 Be7 21. b3 Bd5 22. Rfd1 Nc5 23. Qe3 Qc6 1/2-1/2

[Event "Budapest FS07 IM-A"]
[Site "Budapest"]
[Date "2001.07.04"]
[Round "3"]
[White "Desmarais, Chris"]
[Black "Sinn, M Robert"]
[Result "1-0"]
[WhiteElo "2180"]
[BlackElo "2140"]
[PlyCount "113"]
[EventDate "2001.07.02"]
[EventType "tourn"]
[EventRounds "12"]
[EventCountry "HUN"]
[EventCategory "2"]
[SourceTitle "CBM 083 Extra"]
[Source "ChessBase"]
[SourceDate "2001.09.11"]
[SourceVersion "1"]
[SourceVersionDate "2001.09.11"]
[SourceQuality "1"]

1. d4 Nf6 2. c4 e6 3. Nf3 Bb4+ 4. Bd2 Bxd2+ 5. Qxd2 0-0 6. Nc3 d6 7. g3 Nbd7 8. Bg2 e5 9. 0-0 Qe7 10. d5 a5 11. e4 Nc5 12. Ne1 Nh5 13. f4 exf4 14. gxf4 f5 15. e5 Ne4 16. Nxe4 fxe4 17. e6 Qf6 18. Bxe4 Nxf4 19. Kh1 Qe5 20. Bg2 Ng6 21. Rxf8+ Kxf8 22. Nd3 Qd4 23. Rf1+ Ke8 24. Qf2 Qxf2 25. Rxf2 Nh8 26. Be4 g6 27. h4 b6 28. Nf4 Ba6 29. Bd3 Ke7 30. Ne2 c6 31. Nf4 Rc8 32. dxc6 Rxc6 33. b3 Rc5 34. Be4 Re5 35. Bc6 Rc5 36. Bd5 b5 37. cxb5 Rxb5 38. Rc2 Rc5 39. Rxc5 dxc5 40. Kg2 g5 41. hxg5 Ng6 42. Nxg6+ hxg6 43. Be4 c4 44. Bxg6 cxb3 45. axb3 Bb7+ 46. Kg3 Bd5 47. Bc2 Bxe6 48. Kf4 Kd6 49. g6 Kc5 50. Ke5 Bg8 51. g7 Kb4 52. Bf5 Kxb3 53. Be6+ Bxe6 54. Kxe6 a4 55. g8Q a3 56. Qh8 Ka2 57. Qc3 1-0

[Event "Budapest FS07 Elo-A"]
[Site "Budapest"]
[Date "2000.??.??"]
[Round "4"]
[White "Bacsi, Andras"]
[Black "Sinn, M Robert"]
[Result "1/2-1/2"]
[WhiteElo "2125"]
[BlackElo "2120"]
[PlyCount "68"]
[EventDate "2000.07.??"]
[EventType "tourn"]
[EventRounds "13"]
[EventCountry "HUN"]
[SourceTitle "EXT 2004"]
[Source "ChessBase"]
[SourceDate "2003.11.25"]
[SourceVersion "1"]
[SourceVersionDate "2003.11.25"]
[SourceQuality "1"]

1. e4 c6 2. d4 d5 3. exd5 cxd5 4. Bd3 Nc6 5. c3 Qc7 6. Ne2 Bg4 7. 0-0 e6 8. f3 Bh5 9. Bf4 Bd6 10. Bxd6 Qxd6 11. Nd2 Nge7 12. f4 Bg6 13. Bxg6 hxg6 14. Nf3 Nf5 15. Qd3 0-0-0 16. g4 Nh4 17. Ne5 Nxe5 18. fxe5 Qe7 19. c4 dxc4 20. Rac1 Kb8 21. Rxc4 f5 22. h3 fxg4 23. hxg4 Qg5 24. Qe4 Rhf8 25. Rcc1 Nf5 26. Qf4 Qxf4 27. Rxf4 Ng3 28. Rxf8 Nxe2+ 29. Kf2 Rxf8+ 30. Kxe2 Rf4 31. Ke3 Rxg4 32. a4 Rg3+ 33. Kf4 Rb3 34. Rg1 Rxb2 1/2-1/2

[Event "Budapest FS07 Elo-A"]
[Site "Budapest"]
[Date "2000.??.??"]
[Round "10"]
[White "Engstrom, Staffan"]
[Black "Sinn, M Robert"]
[Result "1/2-1/2"]
[WhiteElo "2025"]
[BlackElo "2120"]
[PlyCount "22"]
[EventDate "2000.07.??"]
[EventType "tourn"]
[EventRounds "13"]
[EventCountry "HUN"]
[SourceTitle "EXT 2004"]
[Source "ChessBase"]
[SourceDate "2003.11.25"]
[SourceVersion "1"]
[SourceVersionDate "2003.11.25"]
[SourceQuality "1"]

1. d4 d5 2. c4 c6 3. Nc3 Nf6 4. e3 a6 5. Qc2 g6 6. b3 Bf5 7. Bd3 Bxd3 8. Qxd3 Bg7 9. Nf3 0-0 10. 0-0 Nbd7 11. Bb2 b5 1/2-1/2

[Event "Budapest FS07 Elo-A"]
[Site "Budapest"]
[Date "2000.??.??"]
[Round "6"]
[White "Salamon, Ferenc"]
[Black "Sinn, M Robert"]
[Result "0-1"]
[WhiteElo "2100"]
[BlackElo "2120"]
[PlyCount "70"]
[EventDate "2000.07.??"]
[EventType "tourn"]
[EventRounds "13"]
[EventCountry "HUN"]
[SourceTitle "EXT 2004"]
[Source "ChessBase"]
[SourceDate "2003.11.25"]
[SourceVersion "1"]
[SourceVersionDate "2003.11.25"]
[SourceQuality "1"]

1. d4 d5 2. Nf3 Nf6 3. Bf4 g6 4. e3 Bg7 5. h3 0-0 6. Nbd2 c5 7. c3 Qb6 8. Qb3 c4 9. Qc2 Bf5 10. Qc1 Nc6 11. Be2 Rac8 12. 0-0 Ne4 13. Nxe4 Bxe4 14. Nd2 e5 15. Nxe4 exf4 16. Nc5 Rfe8 17. e4 Bxd4 18. Na4 Qa5 19. Bd1 Bg7 20. exd5 Qxd5 21. Bf3 Qg5 22. b4 cxb3 23. axb3 b5 24. Nb2 Nd4 25. Qd1 Nxf3+ 26. Qxf3 Rxc3 27. Qb7 f3 28. g3 Bd4 29. Kh2 Rxb3 30. Rad1 Rxb2 31. Rxd4 Qe3 32. Rdd1 Rxf2+ 33. Kh1 Qe2 34. Rxf2 Qxf2 35. Rg1 Qe2 0-1

[Event "Budapest FS07 Elo-A"]
[Site "Budapest"]
[Date "2000.??.??"]
[Round "1"]
[White "Sinn, M Robert"]
[Black "Szalay, Janos L"]
[Result "1/2-1/2"]
[WhiteElo "2120"]
[BlackElo "2045"]
[PlyCount "85"]
[EventDate "2000.07.??"]
[EventType "tourn"]
[EventRounds "13"]
[EventCountry "HUN"]
[SourceTitle "EXT 2004"]
[Source "ChessBase"]
[SourceDate "2003.11.25"]
[SourceVersion "1"]
[SourceVersionDate "2003.11.25"]
[SourceQuality "1"]

1. e4 c5 2. Nf3 d6 3. Bb5+ Bd7 4. Qe2 Bxb5 5. Qxb5+ Qd7 6. Nc3 Nc6 7. 0-0 e6 8. Rd1 e5 9. d3 Nd4 10. Nxd4 cxd4 11. Qxd7+ Kxd7 12. Ne2 Be7 13. c3 Bf6 14. cxd4 exd4 15. Bd2 Ne7 16. Rac1 Rhc8 17. f4 Rc6 18. Rc4 Rac8 19. Rdc1 b5 20. Rxc6 Rxc6 21. Kf2 Rxc1 22. Nxc1 Nc6 23. b4 Bd8 24. Nb3 g6 25. Kf3 Ke6 26. g4 f5 27. exf5+ gxf5 28. g5 Kf7 29. Be1 Kg6 30. a3 Kh5 31. Bf2 Bb6 32. Nc1 a5 33. bxa5 Bxa5 34. Ne2 Bc3 35. Ng3+ Kg6 36. h4 Ne7 37. h5+ Kf7 38. Ne2 Nc6 39. Nxc3 dxc3 40. Ke2 b4 41. axb4 Nxb4 42. Be3 Na2 43. Kd1 1/2-1/2

[Event "Chicago op"]
[Site "Chicago"]
[Date "1997.??.??"]
[Round "4"]
[White "Wallach, Kenneth"]
[Black "Sinn, M Robert"]
[Result "1/2-1/2"]
[WhiteElo "2225"]
[BlackElo "2180"]
[PlyCount "63"]
[EventDate "1997.05.26"]
[EventType "swiss"]
[EventRounds "7"]
[EventCountry "USA"]
[SourceTitle "EXT 2000"]
[Source "ChessBase"]
[SourceDate "1999.11.16"]
[SourceVersion "1"]
[SourceVersionDate "1999.11.16"]
[SourceQuality "1"]

1. d4 Nf6 2. c4 e6 3. g3 Bb4+ 4. Nd2 d5 5. Ngf3 dxc4 6. Qc2 c5 7. Qxc4 Qd5 8. Qxd5 exd5 9. a3 Bxd2+ 10. Bxd2 c4 11. Ne5 Ne4 12. Bg2 Nxd2 13. Kxd2 f6 14. Nf3 Nc6 15. Kc3 Be6 16. Nd2 Rc8 17. e4 Ne7 18. Rhe1 Kf7 19. e5 f5 20. f4 Nc6 21. Nf1 b5 22. Ne3 Rhd8 23. g4 g6 24. gxf5 gxf5 25. Bh3 a5 26. Rad1 b4+ 27. axb4 axb4+ 28. Kc2 Ne7 29. Rg1 Ra8 30. Rg5 h6 31. Rg3 Rg8 32. Rxg8 1/2-1/2

[Event "Chicago op"]
[Site "Chicago"]
[Date "1997.??.??"]
[Round "2"]
[White "Ward, Tom"]
[Black "Sinn, M Robert"]
[Result "0-1"]
[WhiteElo "2330"]
[BlackElo "2180"]
[PlyCount "24"]
[EventDate "1997.05.26"]
[EventType "swiss"]
[EventRounds "7"]
[EventCountry "USA"]
[SourceTitle "EXT 2000"]
[Source "ChessBase"]
[SourceDate "1999.11.16"]
[SourceVersion "1"]
[SourceVersionDate "1999.11.16"]
[SourceQuality "1"]

1. e4 d6 2. d4 Nf6 3. Nc3 c6 4. Be2 Qb6 5. h3 e5 6. Nf3 Nbd7 7. 0-0 Be7 8. Be3 Qxb2 9. Qd2 Qb4 10. g4 h6 11. Kh2 h5 12. Kg3 Qxc3 0-1